000 00812nam a22002297a 4500
005 20080626104633.0
008 080618t xxu||||| |||| 00| 0 eng d
010 _aENG-90416
020 _c395.00
_a8131303924
035 _aEN-73949
037 _bDBAD / PUB
040 _aDPL
_bEN
082 _a808.6
100 _aTarafder, S.K.
245 _aEffective letter writing /
_cby S.K. Tarafder
260 _aNew Delhi
_bAPH Publishing Corporation
_c2008
260 _a
_b
270 _a4435-36/7, Ansri Road, Darya Ganj,
_bNew Delhi
_e110002
300 _axvi, 184p.
_c23 cm (Hb)
942 _cEN
_h808.6
_2ddc
_mTAR
999 _c14073
_d14073